Getting to know the World Bank <a> guide for young people

Salvato in:
Dettagli Bibliografici
Natura: Libro
Lingua:inglese
Pubblicazione: Washington, D.C. <The> World Bank 2005
Soggetti:
Tags: Aggiungi Tag
Nessun Tag, puoi essere il primo ad aggiungerne!!

MARC

LEADER 00000nam$a2200000$$$4500
001 0041219
005 20221129082623.5
020 |a 0-8213-5914-2 
041 0 |a eng 
044 |a US 
245 1 0 |a Getting to know the World Bank  |b <a> guide for young people 
264 1 |a Washington, D.C.  |b <The> World Bank  |c 2005 
300 |a 98 s. 
610 2 0 |a banky 
610 2 0 |a bankovníctvo 
610 2 0 |a mládež 
610 2 0 |a história 
610 2 0 |a organizácie medzinárodné 
610 2 0 |a organizácie finančné 
610 2 0 |a pomoc medzinárodná 
610 2 0 |a krajiny rozvojové 
610 2 0 |a rozvoj hospodársky 
610 2 0 |a výskum 
610 2 0 |a analýzy 
610 2 0 |a Svetová banka